| 000 | 00523nam a2200193 a 4500 | ||
|---|---|---|---|
| 001 | 5943 | ||
| 003 | CO-ViMGA | ||
| 008 | 141112s2004 ck r 000 u spa d | ||
| 040 |
_aCO-ViMGA _bspa _cCO-ViMGA |
||
| 082 | 0 | 4 | _a621.31925 L197 |
| 100 | 1 |
_aLawrence, Mike _954894 |
|
| 245 | 1 | 0 | _aInstalaciones electricas e iluminación |
| 260 |
_aBarcelona : _bGustavo Gili, _c1995 |
||
| 300 | _a96 p : il | ||
| 490 | _aHágalo usted mismo | ||
| 650 | 1 | 4 |
_aILUMINACION _94544 |
| 650 | 1 | 4 | _aINSTALACIONES ELECTRICAS |
| 942 |
_2ddc _cBK |
||
| 999 |
_c17918 _d17918 |
||